[Event "WYCC U14 Open 2019"]
[Site "Mumbai"]
[Date "2019.10.11"]
[Round "10.1"]
[White "Suleymanli, Aydin"]
[Black "Vo, Pham Thien Phuc"]
[Result "1/2-1/2"]
[WhiteElo "2426"]
[BlackElo "1807"]
[Annotator "NA"]
[PlyCount "94"]
[EventDate "2019.10.02"]
[EventType "swiss"]
[EventCountry "IND"]
[SourceTitle "playchess.com"]
[Source "ChessBase"]
[SourceQuality "1"]
[TimeControl "40/5400+30:1800+30"]

1. d4 {[%emt 0:00:00]} Nf6 {[%emt 0:00:00]} 2. c4 {[%emt 0:00:00]} g6 {[%emt 0:00:00]} 3. Nc3 {[%emt 0:00:00]} Bg7 {[%emt 0:00:00]} 4. Bg5 {[%emt 0:00:19]} d6 {[%emt 0:00:00]} 5. Nf3 {[%emt 0:00:08]} h6 {[%emt 0:00:08]} 6. Bh4 {[%emt 0:00:23]} g5 {[%emt 0:00:05]} 7. Bg3 {[%emt 0:00:05]} Nh5 {[%emt 0:00:05]} 8. e3 {[%emt 0:00:09]} c5 {[%emt 0:00:11]} 9. d5 {[%emt 0:00:33]} Qa5 {[%emt 0:00:11]} 10. Qd2 {[%emt 0:06:22]} Nd7 {[%emt 0:02:46]} 11. Rc1 {[%emt 0:00:28]} a6 {[%emt 0:09:01]} 12. Be2 {[%emt 0:11:14]} Rb8 {[%emt 0:01:53]} 13. a4 {[%emt 0:14:51]} Nb6 {[%emt 0:17:54]} 14. b3 {[%emt 0:01:45]} Bg4 $11 {[%emt 0:02:49]} 15. O-O {[%emt 0:08:09]} Nxg3 {[%emt 0:06:39]} 16. hxg3 {[%emt 0:00:08]} Nd7 {[%emt 0:06:37]} 17. Qd3 {[%emt 0:12:41]} Bh5 {[%emt 0:08:55]} 18. e4 {[%emt 0:06:04]} Bg6 {[%emt 0:10:28]} 19. Nd2 {[%emt 0:00:39]} Bd4 {[%emt 0:01:37]} 20. g4 {[%emt 0:03:57]} Ne5 {[%emt 0:01:23]} 21. Qh3 {[%emt 0:01:17]} Kf8 {[%emt 0:08:08]} 22. Rc2 {[%emt 0:01:50]} Nd7 {[%emt 0:01:00]} 23. Nd1 {[%emt 0:03:43]} e6 {[%emt 0:02:26]} 24. dxe6 {[%emt 0:02:19]} fxe6 {[%emt 0:00:02]} 25. Nf3 {[%emt 0:06:14]} Bg7 {[%emt 0:04:04]} 26. Rd2 {[%emt 0:07:18]} Ke7 {[%emt 0:00:39]} 27. Ne3 {[%emt 0:01:21]} Bc3 {[%emt 0:01:00]} 28. Rd3 {[%emt 0:02:54]} Ne5 {[%emt 0:03:03]} 29. Nh4 {[%emt 0:01:23]} gxh4 {[%emt 0:00:50]} 30. Rxc3 {[%emt 0:00:22]} Kd7 {[%emt 0:02:47]} 31. Rcc1 {[%emt 0:00:53]} Bxe4 {[%emt 0:03:37]} 32. f4 {[%emt 0:03:27]} Nc6 {[%emt 0:00:37]} 33. f5 {[%emt 0:00:03]} exf5 {[%emt 0:01:20]} 34. gxf5 {[%emt 0:00:01]} Qd2 {[%emt 0:00:21]} 35. f6+ {[%emt 0:01:16]} Kc7 {[%emt 0:00:10]} 36. Bh5 {[%emt 0:03:25]} Rhg8 {[%emt 0:02:19]} 37. Rc3 {[%emt 0:02:18]} Rg3 {[%emt 0:01:26]} 38. Nd5+ {[%emt 0:00:14]} Bxd5 {[%emt 0:00:11]} 39. Rxg3 {[%emt 0:00:06]} hxg3 {[%emt 0:00:22]} 40. cxd5 {[%emt 0:00:19]} Qd4+ {[%emt 0:03:00]} 41. Kh1 {[%emt 0:30:02]} Qxd5 {[%emt 0:30:17]} 42. Be2 {[%emt 0:00:00]} Qe5 {[%emt 0:00:00]} 43. Bc4 {[%emt 0:00:00]} d5 {[%emt 0:00:00]} 44. Rf5 {[%emt 0:00:00]} Qe1+ {[%emt 0:00:00]} 45. Rf1 {[%emt 0:00:00]} Qe5 {[%emt 0:00:00]} 46. Rf5 {[%emt 0:00:00]} Qe1+ 47. Rf1 {[%emt 0:00:00]} Qe5 {[%emt 0:00:00]} 1/2-1/2

[Event "WYCC U14 Open 2019"]
[Site "Mumbai"]
[Date "2019.10.11"]
[Round "10.2"]
[White "Srihari L R"]
[Black "Morgunov, Marc"]
[Result "1/2-1/2"]
[WhiteElo "2283"]
[BlackElo "2280"]
[Annotator "NA"]
[PlyCount "60"]
[EventDate "2019.10.02"]
[EventType "swiss"]
[EventCountry "IND"]
[SourceTitle "playchess.com"]
[Source "ChessBase"]
[SourceQuality "1"]
[TimeControl "40/5400+30:1800+30"]

1. d4 {[%emt 0:00:01]} Nf6 {[%emt 0:00:00]} 2. c4 {[%emt 0:00:39]} g6 {[%emt 0:00:00]} 3. Nc3 {[%emt 0:00:11]} Bg7 {[%emt 0:00:05]} 4. e4 {[%emt 0:00:09]} d6 {[%emt 0:00:09]} 5. h3 {[%emt 0:00:06]} O-O {[%emt 0:02:37]} 6. Bg5 {[%emt 0:02:18]} c6 {[%emt 0:02:54]} 7. Nf3 {[%emt 0:00:28]} d5 {[%emt 0:04:08]} 8. cxd5 {[%emt 0:14:11]} cxd5 {[%emt 0:00:30]} 9. e5 {[%emt 0:06:02]} Ne4 {[%emt 0:01:15]} 10. Be3 {[%emt 0:03:50]} Nc6 {[%emt 0:09:34]} 11. Rc1 {[%emt 0:08:43]} Nxc3 {[%emt 0:10:07]} 12. Rxc3 {[%emt 0:04:45]} Bf5 {[%emt 0:07:08]} 13. Bd3 {[%emt 0:06:27]} Bxd3 {[%emt 0:01:21]} 14. Qxd3 {[%emt 0:00:09]} a6 {[%emt 0:04:49]} 15. O-O {[%emt 0:01:41]} Rc8 {[%emt 0:00:36]} 16. Rfc1 {[%emt 0:01:06]} Qd7 {[%emt 0:01:57]} 17. a3 {[%emt 0:06:57]} Na7 {[%emt 0:08:35]} 18. Nd2 {[%emt 0:09:01]} Rxc3 {[%emt 0:05:57]} 19. Rxc3 {[%emt 0:02:28]} Rc8 {[%emt 0:03:43]} 20. Nb3 {[%emt 0:03:37]} Rxc3 {[%emt 0:00:50]} 21. Qxc3 {[%emt 0:00:52]} b6 {[%emt 0:00:33]} 22. Nc1 {[%emt 0:02:06]} Qc6 {[%emt 0:02:20]} 23. Na2 {[%emt 0:02:08]} Qxc3 {[%emt 0:01:40]} 24. Nxc3 {[%emt 0:00:44]} e6 {[%emt 0:00:07]} 25. Na4 {[%emt 0:00:08]} Nc8 {[%emt 0:00:18]} 26. Kf1 {[%emt 0:06:21]} Bf8 {[%emt 0:02:07]} 27. Ke2 {[%emt 0:00:41]} b5 {[%emt 0:01:43]} 28. Nc3 {[%emt 0:00:45]} Nb6 {[%emt 0:02:30]} 29. Kd3 {[%emt 0:00:33]} Nc4 {[%emt 0:00:49]} 30. Bc1 {[%emt 0:00:04]} Be7 {[%emt 0:01:46] Ke4} 1/2-1/2

[Event "WYCC U14 Open 2019"]
[Site "Mumbai"]
[Date "2019.10.11"]
[Round "10.3"]
[White "Samant Aditya S"]
[Black "Abinandhan R"]
[Result "1/2-1/2"]
[WhiteElo "2334"]
[BlackElo "1830"]
[Annotator "NA"]
[PlyCount "214"]
[EventDate "2019.10.02"]
[EventType "swiss"]
[EventCountry "IND"]
[SourceTitle "playchess.com"]
[Source "ChessBase"]
[SourceQuality "1"]
[TimeControl "40/5400+30:1800+30"]

1. e4 {[%emt 0:00:00]} c5 {[%emt 0:00:00]} 2. Nf3 {[%emt 0:00:00]} e6 {[%emt 0:00:00]} 3. d4 {[%emt 0:00:00]} cxd4 {[%emt 0:00:00]} 4. Nxd4 {[%emt 0:00:00]} a6 {[%emt 0:00:00]} 5. c4 {[%emt 0:00:04]} Qc7 {[%emt 0:00:00]} 6. Nc3 {[%emt 0:00:08]} Nf6 {[%emt 0:00:02]} 7. a3 {[%emt 0:00:08]} b6 {[%emt 0:00:11]} 8. Be3 {[%emt 0:00:58]} Bb7 {[%emt 0:00:14]} 9. f3 {[%emt 0:00:05]} Be7 {[%emt 0:00:13]} 10. Be2 {[%emt 0:00:08]} d6 {[%emt 0:00:34]} 11. O-O {[%emt 0:00:17]} O-O {[%emt 0:00:09]} 12. Qd2 {[%emt 0:00:35]} Nbd7 {[%emt 0:00:15]} 13. Rac1 {[%emt 0:00:06]} Rac8 {[%emt 0:00:33]} 14. b4 {[%emt 0:00:10]} Qb8 {[%emt 0:00:10]} 15. Rc2 {[%emt 0:00:11]} Bd8 {[%emt 0:02:09]} 16. Kh1 {[%emt 0:00:18]} Re8 {[%emt 0:00:26]} 17. Rb1 {[%emt 0:00:12]} Bc7 {[%emt 0:00:22]} 18. Bg1 {[%emt 0:00:07]} h5 {[%emt 0:01:26]} 19. Na4 {[%emt 0:00:25]} Qa8 {[%emt 0:03:41]} 20. c5 {[%emt 0:18:23]} dxc5 {[%emt 0:08:11]} 21. bxc5 {[%emt 0:00:12]} bxc5 {[%emt 0:00:07]} 22. Nxc5 {[%emt 0:09:38]} Nxc5 {[%emt 0:10:38]} 23. Rxc5 {[%emt 0:00:28]} h4 {[%emt 0:37:54]} 24. Qb4 {[%emt 0:01:59]} Rb8 {[%emt 0:04:30]} 25. Rxc7 {[%emt 0:04:56]} Bxe4 {[%emt 0:00:18]} 26. fxe4 {[%emt 0:00:14]} Rxb4 {[%emt 0:00:19]} 27. Rxb4 {[%emt 0:00:14]} Qxe4 {[%emt 0:05:15]} 28. Bf3 {[%emt 0:01:56]} Qe5 {[%emt 0:01:10]} 29. Rbb7 {[%emt 0:02:14]} Rf8 {[%emt 0:00:30]} 30. Rc4 {[%emt 0:10:04]} Qg5 {[%emt 0:09:15]} 31. Nc6 {[%emt 0:01:12]} h3 {[%emt 0:16:09]} 32. gxh3 {[%emt 0:01:50]} g6 {[%emt 0:00:23]} 33. Bg2 {[%emt 0:08:31]} Nd5 {[%emt 0:00:47]} 34. Rb3 {[%emt 0:19:41]} Re8 {[%emt 0:00:31]} 35. Rg3 {[%emt 0:05:27]} Qd2 {[%emt 0:00:06]} 36. Ne5 {[%emt 0:02:10]} Qe1 {[%emt 0:01:00]} 37. Re4 {[%emt 0:04:45]} Qb1 {[%emt 0:00:13]} 38. Nd3 {[%emt 0:05:21]} Rd8 {[%emt 0:00:23]} 39. Re1 {[%emt 0:00:30]} Qc2 {[%emt 0:00:14]} 40. Rf1 {[%emt 0:02:53]} Ne7 {[%emt 0:00:25]} 41. Nc5 {[%emt 0:08:34]} Nf5 {[%emt 0:01:18]} 42. Rg4 {[%emt 0:01:30]} Qe2 {[%emt 0:03:22]} 43. Ne4 {[%emt 0:06:25]} Rb8 {[%emt 0:03:12]} 44. Ng3 {[%emt 0:01:07]} Qd3 {[%emt 0:01:55]} 45. Nxf5 {[%emt 0:00:42]} exf5 {[%emt 0:00:05]} 46. Rg3 {[%emt 0:00:15]} Qc2 {[%emt 0:00:43]} 47. h4 {[%emt 0:02:04]} Rb1 {[%emt 0:02:45]} 48. Rxb1 {[%emt 0:00:24]} Qxb1 {[%emt 0:00:01]} 49. h5 {[%emt 0:00:42]} Kg7 {[%emt 0:01:15]} 50. hxg6 {[%emt 0:00:22]} fxg6 {[%emt 0:00:08]} 51. Rc3 {[%emt 0:01:19]} Qa1 {[%emt 0:00:51]} 52. Rb3 {[%emt 0:03:28]} Kh6 {[%emt 0:01:19]} 53. Rd3 {[%emt 0:00:55]} a5 {[%emt 0:00:18]} 54. h3 {[%emt 0:03:33]} Kh7 {[%emt 0:02:11]} 55. Re3 {[%emt 0:02:06]} Kh6 {[%emt 0:00:09]} 56. Kh2 {[%emt 0:00:26]} a4 {[%emt 0:02:58]} 57. Bf2 {[%emt 0:00:30]} Qa2 {[%emt 0:00:59]} 58. Rf3 {[%emt 0:00:51]} Qb2 {[%emt 0:00:23]} 59. Be3+ {[%emt 0:00:59]} Kh7 {[%emt 0:00:07]} 60. Bf4 {[%emt 0:01:02]} Qd4 {[%emt 0:00:36]} 61. Kg3 {[%emt 0:00:40]} Qd8 {[%emt 0:01:16]} 62. h4 {[%emt 0:00:11]} Qd1 {[%emt 0:00:14]} 63. Bg5 {[%emt 0:00:17]} Qe1+ {[%emt 0:00:33]} 64. Kh3 {[%emt 0:00:08]} Qd1 {[%emt 0:01:03]} 65. Re3 {[%emt 0:00:20]} Qg4+ {[%emt 0:01:01]} 66. Kh2 {[%emt 0:00:06]} Qd4 {[%emt 0:00:16]} 67. Re7+ {[%emt 0:01:47]} Kg8 {[%emt 0:00:29]} 68. Re6 {[%emt 0:00:49]} Kf7 {[%emt 0:00:10]} 69. Rf6+ {[%emt 0:02:24]} Kg7 {[%emt 0:00:11]} 70. Rc6 {[%emt 0:00:24]} Kf7 {[%emt 0:00:51]} 71. Rc7+ {[%emt 0:00:18]} Kg8 {[%emt 0:00:09]} 72. Rc6 {[%emt 0:01:55]} Kf7 {[%emt 0:00:08]} 73. Rf6+ {[%emt 0:00:38]} Kg7 {[%emt 0:00:12]} 74. Re6 {[%emt 0:00:07]} Kf7 {[%emt 0:00:06]} 75. Re3 {[%emt 0:00:11]} Qd6+ {[%emt 0:00:12]} 76. Kh3 {[%emt 0:00:07]} Qd4 {[%emt 0:00:07]} 77. Bf3 {[%emt 0:00:21]} Qc4 {[%emt 0:01:10]} 78. Kg3 {[%emt 0:01:07]} Qd4 {[%emt 0:00:12]} 79. Bf4 {[%emt 0:00:58]} Qc5 {[%emt 0:00:48]} 80. Kg2 {[%emt 0:01:34]} Qd4 {[%emt 0:00:06]} 81. Kg3 {[%emt 0:00:05]} Qc5 {[%emt 0:00:26]} 82. Bd1 {[%emt 0:01:19]} Qd4 {[%emt 0:00:16]} 83. Be2 {[%emt 0:00:13]} Qc5 {[%emt 0:00:10]} 84. Bf3 {[%emt 0:01:31]} Qd4 {[%emt 0:00:14]} 85. Re1 {[%emt 0:00:32]} Qc5 {[%emt 0:00:31]} 86. Re3 {[%emt 0:00:16]} Qd4 {[%emt 0:00:05]} 87. Be2 {[%emt 0:00:18]} Qc5 {[%emt 0:00:22]} 88. h5 {[%emt 0:00:07]} gxh5 {[%emt 0:00:59]} 89. Bxh5+ {[%emt 0:00:07]} Kf6 {[%emt 0:00:02]} 90. Bf3 {[%emt 0:00:36]} Qc4 {[%emt 0:00:21]} 91. Be5+ {[%emt 0:00:31]} Kg5 {[%emt 0:00:10]} 92. Kf2 {[%emt 0:00:21]} Qc5 {[%emt 0:02:09]} 93. Ke2 {[%emt 0:00:15]} Qc2+ {[%emt 0:00:13]} 94. Kf1 {[%emt 0:00:37]} Qc1+ {[%emt 0:00:10]} 95. Kf2 {[%emt 0:00:09]} Qc5 {[%emt 0:00:11]} 96. Ke2 {[%emt 0:01:36]} Qc2+ {[%emt 0:00:22]} 97. Ke1 {[%emt 0:00:14]} Qc1+ {[%emt 0:00:06]} 98. Ke2 {[%emt 0:00:08]} Qc2+ {[%emt 0:00:35]} 99. Kf1 {[%emt 0:00:08]} Qc1+ {[%emt 0:00:06]} 100. Kf2 {[%emt 0:00:05]} Qc5 {[%emt 0:00:06]} 101. Ke2 {[%emt 0:00:35]} f4 {[%emt 0:06:52]} 102. Re4 {[%emt 0:00:07]} Qxa3 {[%emt 0:00:02]} 103. Bxf4+ {[%emt 0:00:25]} Kf5 {[%emt 0:00:06]} 104. Bd2 {[%emt 0:00:56]} Qa2 {[%emt 0:02:08]} 105. Rf4+ {[%emt 0:00:44]} Ke5 {[%emt 0:00:08]} 106. Re4+ {[%emt 0:00:18]} Kf5 {[%emt 0:00:05]} 107. Rf4+ {[%emt 0:00:04]} Ke5 {[%emt 0:00:33]} 1/2-1/2

[Event "WYCC U14 Open 2019"]
[Site "Mumbai"]
[Date "2019.10.11"]
[Round "10.4"]
[White "Kolay, Alex"]
[Black "Luczak, Filip"]
[Result "1-0"]
[WhiteElo "2164"]
[BlackElo "2136"]
[Annotator "NA"]
[PlyCount "131"]
[EventDate "2019.10.02"]
[EventType "swiss"]
[EventCountry "IND"]
[SourceTitle "playchess.com"]
[Source "ChessBase"]
[SourceQuality "1"]
[TimeControl "40/5400+30:1800+30"]

1. d4 {[%emt 0:00:00]} g6 {[%emt 0:00:00]} 2. c4 {[%emt 0:00:00]} Bg7 {[%emt 0:00:00]} 3. Nf3 {[%emt 0:00:22]} d6 {[%emt 0:00:00]} 4. Nc3 {[%emt 0:00:07]} e5 {[%emt 0:00:09]} 5. e4 {[%emt 0:00:58]} exd4 {[%emt 0:04:12]} 6. Nxd4 {[%emt 0:00:08]} Nf6 {[%emt 0:00:15]} 7. Be2 {[%emt 0:02:51]} O-O {[%emt 0:00:13]} 8. Be3 {[%emt 0:00:23]} Re8 {[%emt 0:03:03]} 9. f3 {[%emt 0:01:26]} c6 {[%emt 0:07:48]} 10. Qd2 {[%emt 0:03:17]} a6 {[%emt 0:10:50]} 11. O-O-O {[%emt 0:03:47]} b5 {[%emt 0:06:14]} 12. Nc2 {[%emt 0:00:23]} d5 {[%emt 0:09:24]} 13. cxd5 {[%emt 0:07:43]} cxd5 {[%emt 0:00:20]} 14. exd5 {[%emt 0:00:49]} Bf5 {[%emt 0:05:20]} 15. Bd4 {[%emt 0:06:32]} Bxc2 {[%emt 0:03:37]} 16. Qxc2 {[%emt 0:00:19]} Nbd7 {[%emt 0:01:57]} 17. Kb1 {[%emt 0:02:45]} b4 {[%emt 0:05:13]} 18. Na4 {[%emt 0:03:49]} Qa5 {[%emt 0:05:03]} 19. Bc4 {[%emt 0:01:36]} Rac8 {[%emt 0:01:09]} 20. Qb3 {[%emt 0:04:07]} Rxc4 {[%emt 0:07:24]} 21. Qxc4 {[%emt 0:00:04]} Qxa4 {[%emt 0:00:04]} 22. Rhe1 {[%emt 0:02:21]} Rxe1 {[%emt 0:02:57]} 23. Rxe1 {[%emt 0:00:05]} Qa5 {[%emt 0:00:44]} 24. Rd1 {[%emt 0:26:37]} Nf8 {[%emt 0:05:29]} 25. Bxf6 {[%emt 0:08:43]} Bxf6 {[%emt 0:00:18]} 26. Qc6 {[%emt 0:00:03]} Kg7 {[%emt 0:02:40]} 27. f4 {[%emt 0:03:16]} h6 {[%emt 0:07:36]} 28. g3 {[%emt 0:04:11]} Be7 {[%emt 0:04:12]} 29. f5 {[%emt 0:10:44]} gxf5 {[%emt 0:01:20]} 30. d6 {[%emt 0:01:18]} Bf6 {[%emt 0:02:40]} 31. d7 {[%emt 0:02:23]} Ne6 {[%emt 0:01:31]} 32. Rd5 {[%emt 0:00:15]} Qd8 {[%emt 0:00:26]} 33. Qd6 {[%emt 0:03:14]} Qa8 {[%emt 0:01:57]} 34. Kc1 {[%emt 0:01:29]} a5 {[%emt 0:01:46]} 35. h4 {[%emt 0:00:38]} Qa7 {[%emt 0:00:20]} 36. Rxf5 {[%emt 0:00:38]} Qg1+ {[%emt 0:00:54]} 37. Qd1 {[%emt 0:00:34]} Bxb2+ {[%emt 0:00:44]} 38. Kd2 {[%emt 0:00:24]} Qd4+ {[%emt 0:00:31]} 39. Kc2 {[%emt 0:00:29]} Qc3+ {[%emt 0:00:33]} 40. Kb1 {[%emt 0:00:12]} Ba3 {[%emt 0:00:13]} 41. Rf2 {[%emt 0:30:43]} a4 {[%emt 0:11:21]} 42. Rd2 {[%emt 0:00:00]} Kf6 {[%emt 0:13:20]} 43. Qe1 {[%emt 0:00:00]} Kg7 {[%emt 0:01:48]} 44. Qd1 {[%emt 0:00:00]} Nd8 {[%emt 0:03:14]} 45. Qc2 Qxc2+ {[%emt 0:01:00]} 46. Kxc2 {[%emt 0:00:00]} Kf6 {[%emt 0:02:32]} 47. Re2 {[%emt 0:00:00]} b3+ {[%emt 0:00:30]} 48. axb3 {[%emt 0:00:00]} axb3+ {[%emt 0:00:02]} 49. Kxb3 {[%emt 0:00:00]} Bd6 {[%emt 0:00:56]} 50. g4 {[%emt 0:00:00]} Bc7 {[%emt 0:00:32]} 51. Kc4 {[%emt 0:00:00]} Ne6 {[%emt 0:00:29]} 52. Kd5 {[%emt 0:00:00]} Ke7 {[%emt 0:00:34]} 53. Kc6 {[%emt 0:00:00]} Bg3 {[%emt 0:00:28]} 54. g5 {[%emt 0:00:00]} Bxh4 {[%emt 0:00:35]} 55. Rxe6+ {[%emt 0:00:00]} Kxe6 {[%emt 0:00:21]} 56. d8=Q hxg5 {[%emt 0:00:07]} 57. Qe8+ {[%emt 0:00:00]} Kf6 {[%emt 0:00:03]} 58. Kd5 {[%emt 0:00:00]} Bg3 {[%emt 0:00:25]} 59. Qh8+ {[%emt 0:00:00]} Kf5 {[%emt 0:00:15]} 60. Qh7+ {[%emt 0:00:00]} Kf6 {[%emt 0:00:06]} 61. Ke4 {[%emt 0:00:00]} Bf4 {[%emt 0:00:04]} 62. Qh6+ {[%emt 0:00:00]} Ke7 {[%emt 0:00:07]} 63. Kf5 {[%emt 0:00:00]} Ke8 {[%emt 0:00:36]} 64. Kf6 {[%emt 0:00:00]} Bd6 {[%emt 0:00:26]} 65. Qh8+ {[%emt 0:00:00]} Bf8 {[%emt 0:00:07]} 66. Qg8 {[%emt 0:00:00]} 1-0

[Event "WYCC U14 Open 2019"]
[Site "Mumbai"]
[Date "2019.10.11"]
[Round "10.5"]
[White "Chyzy, Jakub"]
[Black "Sreeshwan Maralakshikari"]
[Result "0-1"]
[WhiteElo "2327"]
[BlackElo "2449"]
[Annotator "NA"]
[PlyCount "66"]
[EventDate "2019.10.02"]
[EventType "swiss"]
[EventCountry "IND"]
[SourceTitle "playchess.com"]
[Source "ChessBase"]
[SourceQuality "1"]
[TimeControl "40/5400+30:1800+30"]

1. e4 {[%emt 0:00:00]} c6 {[%emt 0:00:04]} 2. d4 {[%emt 0:00:00]} d5 {[%emt 0:00:06]} 3. e5 {[%emt 0:00:00]} Bf5 {[%emt 0:00:03]} 4. c4 {[%emt 0:00:00]} e6 {[%emt 0:00:05]} 5. Nc3 {[%emt 0:00:02]} Nd7 {[%emt 0:01:12]} 6. a3 {[%emt 0:00:25]} a5 {[%emt 0:00:43]} 7. g4 {[%emt 0:00:42]} Bg6 {[%emt 0:00:05]} 8. Nge2 {[%emt 0:00:43]} dxc4 {[%emt 0:06:21]} 9. Nf4 {[%emt 0:02:22]} Nb6 {[%emt 0:02:19]} 10. h4 {[%emt 0:03:38]} Ne7 {[%emt 0:01:41]} 11. h5 {[%emt 0:01:45]} Bd3 {[%emt 0:00:05]} 12. Bxd3 $11 {[%emt 0:03:22]} cxd3 {[%emt 0:00:08]} 13. Ne4 {[%emt 0:03:33]} Ned5 {[%emt 0:01:43]} 14. Nxd3 {[%emt 0:00:54]} h6 {[%emt 0:05:49]} 15. O-O {[%emt 0:11:33]} Qc7 {[%emt 0:05:39]} 16. Bd2 {[%emt 0:02:55]} Be7 {[%emt 0:15:24]} 17. f4 {[%emt 0:05:06]} Nc4 {[%emt 0:02:30]} 18. Qc1 {[%emt 0:01:50]} Nxd2 {[%emt 0:03:43]} 19. Qxd2 {[%emt 0:00:19]} O-O-O {[%emt 0:01:49]} 20. b4 {[%emt 0:01:36]} axb4 {[%emt 0:04:09]} 21. axb4 {[%emt 0:01:31]} Qb6 {[%emt 0:00:04]} 22. Ndc5 {[%emt 0:10:59]} Nc7 {[%emt 0:15:16]} 23. f5 {[%emt 0:03:25]} exf5 {[%emt 0:03:52]} 24. gxf5 {[%emt 0:01:44]} Rd5 {[%emt 0:04:08]} 25. Ra4 {[%emt 0:11:15]} Rhd8 {[%emt 0:02:45]} 26. Rfa1 {[%emt 0:01:36]} Nb5 {[%emt 0:16:31]} 27. Qf4 {[%emt 0:08:45]} Nxd4 {[%emt 0:00:36]} 28. Ra8+ {[%emt 0:00:42]} Kc7 {[%emt 0:00:04]} 29. e6+ {[%emt 0:01:14]} Bd6 {[%emt 0:05:32]} 30. e7 {[%emt 0:09:12]} Bxf4 {[%emt 0:00:38]} 31. R1a7 {[%emt 0:02:58]} Rxa8 {[%emt 0:00:47]} 32. Rxa8 {[%emt 0:00:30]} Re5 {[%emt 0:00:04]} 33. Ne6+ {[%emt 0:04:38]} Nxe6+ {[%emt 0:00:06]} 0-1

[Event "WYCC U14 Open 2019"]
[Site "Mumbai"]
[Date "2019.10.11"]
[Round "10.6"]
[White "Murzin, Volodar"]
[Black "Wu, Logan"]
[Result "1/2-1/2"]
[WhiteElo "2433"]
[BlackElo "1994"]
[Annotator "NA"]
[PlyCount "76"]
[EventDate "2019.10.02"]
[EventType "swiss"]
[EventCountry "IND"]
[SourceTitle "playchess.com"]
[Source "ChessBase"]
[SourceQuality "1"]
[TimeControl "40/5400+30:1800+30"]

1. e4 {[%emt 0:00:00]} c5 {[%emt 0:00:00]} 2. Nf3 {[%emt 0:00:00]} d6 {[%emt 0:00:00]} 3. d4 {[%emt 0:00:00]} Nf6 {[%emt 0:00:00]} 4. Nc3 {[%emt 0:00:04]} cxd4 {[%emt 0:00:00]} 5. Nxd4 {[%emt 0:00:09]} a6 {[%emt 0:00:01]} 6. h3 {[%emt 0:00:17]} e6 {[%emt 0:00:12]} 7. g4 {[%emt 0:00:12]} Be7 {[%emt 0:00:07]} 8. g5 {[%emt 0:02:31]} Nfd7 {[%emt 0:00:10]} 9. h4 {[%emt 0:00:20]} b5 {[%emt 0:01:46]} 10. a3 {[%emt 0:00:39]} Bb7 {[%emt 0:01:42]} 11. Be3 {[%emt 0:02:18]} Nc6 {[%emt 0:02:49]} 12. Nxc6 {[%emt 0:08:14]} Bxc6 {[%emt 0:00:06]} 13. Qd2 {[%emt 0:01:45]} Rb8 $14 {[%emt 0:04:48]} 14. f4 {[%emt 0:14:37]} a5 {[%emt 0:04:05]} 15. Bg2 {[%emt 0:02:22]} Qc7 {[%emt 0:15:01]} 16. O-O {[%emt 0:07:31]} b4 {[%emt 0:16:24]} 17. Ne2 {[%emt 0:08:28]} Nc5 {[%emt 0:02:39]} 18. Ng3 {[%emt 0:02:10]} O-O {[%emt 0:01:42]} 19. f5 {[%emt 0:03:00]} exf5 {[%emt 0:07:55]} 20. exf5 {[%emt 0:04:19]} Bxg2 {[%emt 0:03:55]} 21. Qxg2 {[%emt 0:00:28]} Rfe8 {[%emt 0:00:40]} 22. Rae1 {[%emt 0:14:50]} d5 {[%emt 0:20:53]} 23. Nh5 {[%emt 0:09:22]} Ne4 {[%emt 0:07:44]} 24. f6 {[%emt 0:02:22]} Bc5 {[%emt 0:03:05]} 25. fxg7 {[%emt 0:03:15]} Bxe3+ {[%emt 0:00:13]} 26. Rxe3 {[%emt 0:00:02]} Qa7 {[%emt 0:01:27]} 27. Rfe1 {[%emt 0:03:55]} bxa3 {[%emt 0:00:46]} 28. bxa3 {[%emt 0:00:09]} Rb1 {[%emt 0:03:16]} 29. Qf2 {[%emt 0:06:35]} Re6 {[%emt 0:01:21]} 30. Nf6+ {[%emt 0:00:45]} Kxg7 {[%emt 0:01:02]} 31. Nxe4 {[%emt 0:00:31]} Rxe1+ {[%emt 0:00:17]} 32. Rxe1 {[%emt 0:00:07]} Qxf2+ {[%emt 0:00:11]} 33. Kxf2 {[%emt 0:00:03]} dxe4 {[%emt 0:00:04]} 34. c4 {[%emt 0:01:57]} h6 {[%emt 0:01:52]} 35. Ke3 {[%emt 0:00:38]} hxg5 {[%emt 0:00:05]} 36. hxg5 {[%emt 0:00:01]} Kg6 {[%emt 0:00:43]} 37. Rf1 {[%emt 0:01:01]} Re7 {[%emt 0:00:37]} 38. Rf4 {[%emt 0:02:28]} Kxg5 {[%emt 0:00:26] Kxe4} 1/2-1/2

[Event "WYCC U14 Open 2019"]
[Site "Mumbai"]
[Date "2019.10.11"]
[Round "10.7"]
[White "Tsvetkov, Andrey"]
[Black "Davtyan, Arsen"]
[Result "1-0"]
[WhiteElo "2382"]
[BlackElo "1942"]
[Annotator "NA"]
[PlyCount "101"]
[EventDate "2019.10.02"]
[EventType "swiss"]
[EventCountry "IND"]
[SourceTitle "playchess.com"]
[Source "ChessBase"]
[SourceQuality "1"]
[TimeControl "40/5400+30:1800+30"]

1. d4 {[%emt 0:00:00]} Nf6 {[%emt 0:00:00]} 2. c4 {[%emt 0:00:00]} g6 {[%emt 0:00:08]} 3. Nc3 {[%emt 0:00:00]} Bg7 {[%emt 0:00:10]} 4. e4 {[%emt 0:00:00]} d6 {[%emt 0:00:04]} 5. Nf3 {[%emt 0:00:09]} O-O {[%emt 0:00:23]} 6. Be2 {[%emt 0:00:02]} e5 {[%emt 0:00:23]} 7. Be3 {[%emt 0:00:06]} c6 {[%emt 0:00:28]} 8. d5 {[%emt 0:01:53]} Nh5 {[%emt 0:00:51]} 9. g3 {[%emt 0:02:06]} cxd5 {[%emt 0:00:18]} 10. cxd5 {[%emt 0:00:28]} f5 {[%emt 0:00:47]} 11. exf5 {[%emt 0:10:48]} gxf5 {[%emt 0:00:41]} 12. Nxe5 {[%emt 0:17:23]} f4 {[%emt 0:06:05]} 13. gxf4 {[%emt 0:00:34]} Nxf4 {[%emt 0:09:09]} 14. Nd3 {[%emt 0:01:09]} Ng2+ {[%emt 0:03:32]} 15. Kd2 {[%emt 0:00:06]} Nxe3 {[%emt 0:03:29]} 16. fxe3 {[%emt 0:00:02]} Qg5 {[%emt 0:06:16]} 17. Qg1 {[%emt 0:03:17]} Qh6 {[%emt 0:10:23]} 18. Qg3 {[%emt 0:03:43]} Na6 {[%emt 0:14:02]} 19. Rhg1 {[%emt 0:17:42]} Kh8 {[%emt 0:14:35]} 20. Raf1 {[%emt 0:08:29]} Bf5 {[%emt 0:12:26]} 21. Qg5 {[%emt 0:03:58]} Qxg5 {[%emt 0:01:10]} 22. Rxg5 {[%emt 0:00:01]} Bxd3 {[%emt 0:01:22]} 23. Bxd3 {[%emt 0:00:33]} Rxf1 {[%emt 0:02:22]} 24. Bxf1 {[%emt 0:00:09]} Nc5 {[%emt 0:02:52]} 25. Rf5 {[%emt 0:04:01]} Kg8 {[%emt 0:03:33]} 26. b4 {[%emt 0:05:30]} Nd7 {[%emt 0:00:29]} 27. Ne4 {[%emt 0:00:26]} Be5 {[%emt 0:01:28]} 28. Bh3 {[%emt 0:00:58]} Nb6 {[%emt 0:01:25]} 29. Rg5+ {[%emt 0:00:50]} Kh8 {[%emt 0:00:54]} 30. Be6 {[%emt 0:00:24]} Rf8 {[%emt 0:00:57]} 31. Rg2 {[%emt 0:00:31]} h6 {[%emt 0:01:09]} 32. Kd3 {[%emt 0:00:46]} Na8 {[%emt 0:01:06]} 33. Rc2 {[%emt 0:00:51]} Kg7 {[%emt 0:00:27]} 34. h3 {[%emt 0:00:30]} Kg6 35. a4 {[%emt 0:01:48]} Rf1 {[%emt 0:02:17]} 36. a5 {[%emt 0:01:02]} Rb1 {[%emt 0:00:58]} 37. Rc8 {[%emt 0:01:37]} Rb3+ {[%emt 0:00:10]} 38. Ke2 {[%emt 0:00:26]} Rxb4 {[%emt 0:00:14]} 39. Kf3 {[%emt 0:00:05]} Ra4 {[%emt 0:00:37]} 40. Rxa8 {[%emt 0:00:24]} Rxa5 {[%emt 0:00:05]} 41. Rd8 {[%emt 0:30:48]} Ra6 {[%emt 0:30:25]} 42. Rd7 {[%emt 0:00:17]} b5 {[%emt 0:00:13]} 43. Rb7 {[%emt 0:00:21]} Rb6 {[%emt 0:00:06]} 44. Rxb6 {[%emt 0:03:44]} axb6 {[%emt 0:00:02]} 45. Ke2 {[%emt 0:00:13]} b4 {[%emt 0:00:46]} 46. Kd3 {[%emt 0:00:48]} b3 {[%emt 0:00:09]} 47. Nd2 {[%emt 0:00:26]} b2 {[%emt 0:00:04]} 48. Kc2 {[%emt 0:00:02]} b5 {[%emt 0:00:07]} 49. Bd7 {[%emt 0:01:03]} b4 {[%emt 0:00:04]} 50. Nc4 {[%emt 0:00:04]} b3+ {[%emt 0:00:06]} 51. Kb1 {[%emt 0:00:01]} 1-0